[Event "Olympiad Women-09"]
[Site "Valetta"]
[Date "1980.11.??"]
[Round "8"]
[White "Hawkesworth, Irene"]
[Black "Gramignani, Rita"]
[Result "0-1"]
[WhiteElo "2230"]
[BlackElo "1935"]
[PlyCount "93"]
[EventDate "1980.11.20"]
[EventType "team-swiss"]
[EventRounds "14"]
[EventCountry "MLT"]
[SourceTitle "EXT 2000"]
[Source "ChessBase"]
[SourceDate "1999.11.16"]
[SourceVersion "1"]
[SourceVersionDate "1999.11.16"]
[SourceQuality "1"]
[WhiteTeam "Australia (W)"]
[BlackTeam "Italy (W)"]
[WhiteTeamCountry "AUS"]
[BlackTeamCountry "ITA"]

1. e4 c5 2. c3 d5 3. exd5 Qxd5 4. d4 Nc6 5. Nf3 cxd4 6. cxd4 e5 7. Nc3 Bb4 8. Bd2 Bxc3 9. Bxc3 e4 10. Ne5 Nxe5 11. dxe5 Ne7 12. Qa4+ Bd7 13. Qb4 a5 14. Qd6 Bc6 15. Qxd5 Nxd5 16. Rc1 0-0 17. b3 Rfe8 18. Ba1 a4 19. Bc4 Nb6 20. b4 Rac8 21. 0-0 Nxc4 22. Rxc4 Bb5 23. Rxc8 Rxc8 24. Re1 Kf8 25. h3 Rc2 26. Bd4 Bd3 27. a3 b5 28. Rd1 Ke7 29. f4 Ke6 30. Ra1 g6 31. g3 Kf5 32. Be3 Re2 33. g4+ Ke6 34. Bb6 Rc2 35. Be3 h5 36. Rc1 Rxc1+ 37. Bxc1 hxg4 38. hxg4 Be2 39. g5 Kd5 40. Kf2 Bf3 41. Be3 Kc4 42. Kf1 Kb3 43. Bc1 Kc2 44. Be3 Kb2 45. Ke1 Kxa3 46. Bc5 Kb2 47. Kf2 0-1